| 000 | 00525nam a2200169Ia 4500 | ||
|---|---|---|---|
| 003 | GCL | ||
| 008 | 140319s9999 xx 000 0 ara d | ||
| 040 |
_aGCL / _cGCL |
||
| 082 | 0 | 4 |
_a069 _bع م |
| 100 | 1 | _aعبدالرحمن بن ابراهيم الشاعر | |
| 245 | 1 | 0 |
_aمقدمة فى تقنية المتاحف التعليمية / _cعبدالرحمن بن ابراهيم الشاعر |
| 300 | _a130 ص | ||
| 490 | _a | ||
| 650 | 0 | 4 | _aالتعليم |
| 650 | 0 | 4 | _aالمتاحف التعليمية |
| 942 |
_2ddc _cBK |
||
| 999 |
_c41476 _d41476 |
||